| 000 | 00357nam a2200145Ia 4500 | ||
|---|---|---|---|
| 008 | 241014s9999||||xx |||||||||||||| ||und|| | ||
| 020 | _a978-0853694250 | ||
| 060 | _aQV 25 J 2002 | ||
| 100 | _aDavid S. Jones | ||
| 245 | 0 | _aPharmaceutical Statistics. | |
| 260 |
_bPharmaceutical Press _c2002 |
||
| 300 | _a586 | ||
| 650 | _aPharmacology | ||
| 942 |
_bDIMC _cBK |
||
| 999 |
_c8433 _d8433 |
||